00229nam a2200085Ia 450000500170000000800410001724500580005826000100011699900170012620250523150955.0250523s9999 xx 000 0 und d 0aEce Yüce/Ece den Mektup GeldicGülten Dayıoğlu bALTIN c11950d11950